[Event "SLO-ch U10"]
[Site "Ptuj"]
[Date "2017.03.02"]
[Round "8"]
[White "Polajnar, Lev"]
[Black "Krasevec, Jan"]
[Result "0-1"]
[WhiteElo "1663"]
[BlackElo "1315"]
[PlyCount "100"]
[EventDate "2017.02.27"]
[EventType "swiss"]
[EventRounds "9"]
[EventCountry "SLO"]
[SourceTitle "CBM 177 Extra"]
[Source "ChessBase"]
[SourceDate "2017.04.27"]
[SourceVersion "1"]
[SourceVersionDate "2017.04.27"]
[SourceQuality "1"]

1. e4 c5 2. c3 d6 3. d4 cxd4 4. cxd4 e6 5. Nf3 Nc6 6. Bb5 Bd7 7. 0-0 a6 8. Bc4 Nge7 9. d5 exd5 10. exd5 Ne5 11. Nxe5 dxe5 12. Qf3 f6 13. d6 Nc6 14. Qd5 Qa5 15. Qf7+ Kd8 16. Nc3 Be8 17. Qe6 Nd4 18. Qh3 Bxd6 19. Be3 Bd7 20. Qg3 Nf5 21. Qf3 Nxe3 22. Qxe3 Qc5 23. Qxc5 Bxc5 24. Rfd1 Re8 25. Bf7 Re7 26. Bh5 g6 27. Bg4 f5 28. Bf3 e4 29. Be2 Rc8 30. Nd5 Re6 31. Nf4 Rd6 32. Rxd6 Bxd6 33. f3 Bxf4 34. fxe4 Rc1+ 35. Rxc1 Bxc1 36. exf5 Bxf5 37. g4 Be6 38. Kf1 Bxb2 39. a4 Bb3 40. a5 Bc3 41. Bf3 Kc7 42. Ke2 Bxa5 43. Kd3 Bb4 44. Kd4 a5 45. g5 a4 46. h4 a3 47. h5 a2 48. hxg6 hxg6 49. Be4 a1Q+ 50. Ke3 Qc1+ 0-1